Study skills for higher education : a use of English course

Αποθηκεύτηκε σε:
Λεπτομέρειες βιβλιογραφικής εγγραφής
Κύριος συγγραφέας: Floyd, Jean
Μορφή: Βιβλίο
Γλώσσα:English
Δημοσίευση: Harlow : Longman, 1988
Θέματα:
Ετικέτες: Προσθήκη ετικέτας
Δεν υπάρχουν, Καταχωρήστε ετικέτα πρώτοι!

MARC

LEADER 00000nam a2200000 i 4500
001 1/63126
008 930923s eng d
020 |a 0-582-03499-X 
035 |a ΛΕΣΒΟΣb10001158  |l 10001158 
040 |a GR-MY-UA  |b gre  |e aacr 
041 0 |a eng 
082 0 |a 428.24 
100 1 |a Floyd, Jean. 
245 1 0 |a Study skills for higher education :  |b a use of English course /  |c Jean Floyd 
260 |a Harlow :   |b Longman,   |c 1988 
300 |a 226 p. 
504 |a Includes index 
650 0 0 |a English language  |v Textbooks for foreign speakers. 
852 |a INST  |b LESVOS  |e 19930923  |h 428.24 FLO  |p 005100005023  |q 005100005023  |t BK  |y 0 
909 |a Λ  |b 019047